Моето тяло (Запис номер 475237)
[ съкратено ]
| 000 -Лидер | |
|---|---|
| Лидер | 01287nam a2200349 a 4500 |
| 003 - Код на организацията, давaща контролен номер | |
| Код на организацията, даваща контролен номер | BLK |
| 005 - Дата и час на последна редакция | |
| Дата и час на последна редакция | 20250729115030.0 |
| 008 - Елементи от данни с фиксирана дължина | |
| Елементи с фиксирана дължина | 180411b bul|||||r ||||||| ||bul|| |
| 020 ## - Международен стандартен номер на книга ISBN | |
| ISBN | 9786192404420 |
| 040 ## - Източник на каталожния запис | |
| Код на библиотеката | BLK |
| 041 ## - Код за език | |
| Език | Български |
| Език за КДБФ | Български |
| 080 ## - УДК | |
| УДК текст | Анатомия. Вж и 572 ; 591.4 ; 616.1/.9 ; 343.9 ; 743 |
| УДК код | 611 |
| УДК – код + определител | 611 |
| 080 ## - УДК | |
| УДК текст | Физиология |
| УДК код | 612 |
| УДК – код + определител | 612 |
| 084 ## - Класификационен индекс по друга класификация | |
| Авторски знак | Бол - Б 61 |
| 100 1# - Редна дума - Автор | |
| Автор | Бомон, Емили |
| R(LIN) | 41173 |
| 245 10 - Сведения за заглавието | |
| Заглавие | Моето тяло |
| Авторска отговорност | Емили Бомон ; ил. Мадлен Брюнеле ; прев. Борис Христов. |
| 260 ## - Област на издателските данни | |
| Място на издаване | София |
| Име на издателя | ПАН |
| Година на издаване | 2021 |
| 300 ## - Физическа характеристика | |
| Брой страници | 20 с. |
| Илюстрации | с цв. ил. |
| Размер | 23 см |
| 380 ## - Жанр | |
| Жанр | Детска отраслова лит. |
| 490 ## - СЕРИИ (Колекции) | |
| 9 (RLIN) | 205918 |
| Серия | Енциклопедия за най-малките |
| 653 #7 - Ключова дума – ненормативна | |
| 9 (RLIN) | 200724 |
| Ключови думи | човешко тяло |
| 653 #7 - Ключова дума – ненормативна | |
| 9 (RLIN) | 192904 |
| Ключови думи | органи |
| 653 #7 - Ключова дума – ненормативна | |
| 9 (RLIN) | 196520 |
| Ключови думи | сетива |
| 653 #0 - Ключова дума – ненормативна | |
| 9 (RLIN) | 471119 |
| Ключови думи | детски книги |
| 700 ## - Други автори (авторска отговорност) | |
| Друг автор | Брюнеле, Мадлен |
| Авт. отговорност на др. автор | ил. |
| 9 (RLIN) | 481523 |
| 700 ## - Други автори (авторска отговорност) | |
| Друг автор | Христов, Борис |
| Авт. отговорност на др. автор | прев. |
| 9 (RLIN) | 266250 |
| 852 ## - Местоположение | |
| Отдел | Детски отдел |
| Систематично-азбучна сигнатура | 61/Б 61 Е |
| Сигнатура (форматна) | Цб 318585 |
| 942 ## - АРТИКУЛИ | |
| Вид на библиотечния документ | Книги |
| Скрит в OPAC | Не |
| Периодичен библиозапис | Не |
| Koha issues (borrowed), all copies | 31 |
| 944 ## - СЪЗДАВАНЕ И РЕДАКЦИЯ на ЗАПИСА | |
| Създаване/Редакция | Създаване |
| Дата на регистрацията/редакция | 2022-10-06 |
| Служител, извършил регистрацията/редакцията | 30551 |
| Номер на служител | Бояна Костадинова |
| 999 ## - СИСТЕМНИ КОНТРОЛНИ НОМЕРА | |
| Koha biblionumber | 475237 |
| Koha biblioitemnumber | 475237 |
| 999 ## - СИСТЕМНИ КОНТРОЛНИ НОМЕРА | |
| Koha biblioitemnumber | 475237 |
| Код за отписване | Код за изгубен артикул | Източник на класификационната схема | Код за повреда | Коз за рестрикции | Код за отдаване | Артикулен № | Име на библиотеката - собственик | Име на библиотеката, в която се намира в момента | Статус (Текущо местоположение) | Дата на вписване в системата | Местоположение - отдел | Цена в лева | Систематично азбучна сигнатура | Баркод | Цена в евро | Служебен тип на артикула | Инвентарен номер |
|---|---|---|---|---|---|---|---|---|---|---|---|---|---|---|---|---|---|
| Не е изгубен | Universal Decimal Classification | Не е повреден | без рестрикции | заемане за дома | 906948 | Регионална библиотека "Любен Каравелов" Русе | Регионална библиотека "Любен Каравелов" Русе | Детски отдел | 2022-10-07 | Детски отдел | 3.67 | 61/Б 61 Е | 120000878181 | 1.88 | Книги | ||
| Не е изгубен | Universal Decimal Classification | Не е повреден | без рестрикции | заемане за дома | 906949 | Регионална библиотека "Любен Каравелов" Русе | Регионална библиотека "Любен Каравелов" Русе | Детски отдел | 2022-10-07 | Детски отдел | 3.67 | 61/Б 61 Е | 120000878182 | 1.88 | Книги | ||
| Не е изгубен | Universal Decimal Classification | Не е повреден | без рестрикции | заемане за дома | 906950 | Регионална библиотека "Любен Каравелов" Русе | Регионална библиотека "Любен Каравелов" Русе | Детски отдел | 2022-10-07 | Детски отдел | 3.67 | 61/Б 61 Е | 120000878180 | 1.88 | Книги | ||
| Не е изгубен | Universal Decimal Classification | Не е повреден | само за читалня | ползва се в читалня | 930156 | Регионална библиотека "Любен Каравелов" Русе | Регионална библиотека "Любен Каравелов" Русе | Хранилище | 2023-07-14 | Хранилище | 4.90 | Цб 318585 | 120000889539 | 2.51 | Книги | 120000889539 |